Statistics for Paintings to Artist Match Quiz

Click here to take the quiz!

General Stats

  • This quiz has been taken 47 times
  • The average score is 10 of 20

Answer Stats

HintAnswer% Correct
Vincent Van Gogh
86%
Edward Hopper
83%
Salvador Dali
75%
Pablo Picasso
75%
Ravi Varma
72%
Claude Monet
69%
Mark Rothko
69%
Rembrandt
58%
Johannes Vermeer
58%
Renoir
53%
Édouard Manet
42%
Dionisius
42%
Caravaggio
42%
Marcel Duchamp
33%
Leonardo da Vinci
33%
Michelangelo
33%
Ambrogio Lorenzetti
31%
Raphael
22%
Sandro Botticelli
19%
Duccio
19%

Score Distribution

Percentile by Number Answered

Percent of People with Each Score

Your Score History

You have not taken this quiz